000 00407nam a22001697a 4500
003 MPLRDC
005 20220104125006.0
008 210129b ||||| |||| 00| 0 eng d
082 _a771.7 ZTM
100 _a祝天明编著
245 _a大洋洲列国志
_c
250 _a初版
260 _a
_b香港益群出版社
_c1973
300 _b
650 _a大洋洲地方志
942 _cBK
_o771.7 ZTM
999 _c23777
_d23767